Gestión ágil de proyectos-scrum: una visión práctica de scrum (Registro nro. 12973)

Detalles MARC
000 -Cabecera
Campo de control de longitud fija 01128ntm a22004097a 4500
005 - Fecha y hora de la última transacción
Campo de control 20250613164852.0
008 - Elementos de longitud fija--Información general
Campo de control de longitud fija 210602b2020 xxu||||| |||| 00| 0 spa d
020 ## - International Standard Book Number
Número Internacional Estándar del Libro (ISBN) 9788655437920
041 ## - Idioma
Código de idioma Español
082 ## - Clasificación Decimal Dewey
Número de clasificación 658.404 B517g
100 ## - Entrada principal--Autor personal
Nombre personal Bernal García, Jorge
9 (RLIN) 60075
245 ## - Título propiamente dicho
Título Gestión ágil de proyectos-scrum: una visión práctica de scrum
260 ## - Pie de imprenta
Nombre del editor, distribuidor, etc. Independiente
260 ## - Pie de imprenta
Fecha de publicación, distribución, etc. 2020
300 ## - Descripción física
Extensión 105 páginas
490 ## - Serie
Título de la Serie Dirección y Administración de Empresas
650 ## - Materia general
Temática (materia general) GERENCIA DE PROYECTOS
650 ## - Materia general
Temática (materia general) SIX SIGMA
650 ## - Materia general
Temática (materia general) METODOLOGÍA LEAN
650 ## - Materia general
Temática (materia general) FILOSOFÍAS LEAN Y ÁGIL
650 ## - Materia general
Temática (materia general) FLUJOS DE VALOR
650 ## - Materia general
Temática (materia general) LAS 3 MU
650 ## - Materia general
Temática (materia general) AGILISMO
650 ## - Materia general
Temática (materia general) SCRUM
650 ## - Materia general
Temática (materia general) EQUIPO DE DESARROLLO
650 ## - Materia general
Temática (materia general) SPRINT
650 ## - Materia general
Temática (materia general) STORY POINTS
650 ## - Materia general
Temática (materia general) MANIFIESTO ÁGIL
650 ## - Materia general
Temática (materia general) PROYECTOS DE GESTIÓN
650 ## - Materia general
Temática (materia general) MANERAS DE FRACASAR EN UN PROYECTO ÁGIL
650 ## - Materia general
Temática (materia general) BACKLOG
650 ## - Materia general
Temática (materia general) METODOLOGÍAS DE CALIDAD
650 ## - Materia general
Temática (materia general) FILOSOFÍA LEAN
650 ## - Materia general
Temática (materia general) SOFTWARE ÁGIL
650 ## - Materia general
Temática (materia general) CONTROL DE CALIDAD
942 ## - Punto de acceso adicional KOHA
Tipo de ítem KOHA Libro
Fuente del sistema de clasificación o colocación Dewey Decimal Classification
Existencias
Signatura completa Código de barras Programa Académico Tipo de ítem
658.404 B517g 25202 Dirección y Administración de Empresas Libro